<?xml version="1.0" encoding="UTF-8"?>
<record
    xmlns:xsi="http://www.w3.org/2001/XMLSchema-instance"
    xsi:schemaLocation="http://www.loc.gov/MARC21/slim http://www.loc.gov/standards/marcxml/schema/MARC21slim.xsd"
    xmlns="http://www.loc.gov/MARC21/slim">

  <leader>03085nam a2200397 a 4500</leader>
  <controlfield tag="001">ebr10483585</controlfield>
  <controlfield tag="003">CaPaEBR</controlfield>
  <controlfield tag="006">m        u        </controlfield>
  <controlfield tag="007">cr cn|||||||||</controlfield>
  <controlfield tag="008">080822s2009    caua    sb    001 0 eng d</controlfield>
  <datafield tag="010" ind1=" " ind2=" ">
    <subfield code="z">  2008037220</subfield>
  </datafield>
  <datafield tag="020" ind1=" " ind2=" ">
    <subfield code="z">0520248635 (cloth : alk. paper)</subfield>
  </datafield>
  <datafield tag="020" ind1=" " ind2=" ">
    <subfield code="z">9780520258914 (pbk. : alk. paper)</subfield>
  </datafield>
  <datafield tag="020" ind1=" " ind2=" ">
    <subfield code="z">0520258916 (pbk. : alk. paper)</subfield>
  </datafield>
  <datafield tag="020" ind1=" " ind2=" ">
    <subfield code="z">9780520248632</subfield>
  </datafield>
  <datafield tag="020" ind1=" " ind2=" ">
    <subfield code="z">9780520943339 (e-book)</subfield>
  </datafield>
  <datafield tag="040" ind1=" " ind2=" ">
    <subfield code="a">CaPaEBR</subfield>
    <subfield code="c">CaPaEBR</subfield>
  </datafield>
  <datafield tag="035" ind1=" " ind2=" ">
    <subfield code="a">(OCoLC)746926637</subfield>
  </datafield>
  <datafield tag="050" ind1="1" ind2="4">
    <subfield code="a">RG940</subfield>
    <subfield code="b">.B55 2009eb</subfield>
  </datafield>
  <datafield tag="082" ind1="0" ind2="4">
    <subfield code="a">362.19/82</subfield>
    <subfield code="2">22</subfield>
  </datafield>
  <datafield tag="245" ind1="0" ind2="0">
    <subfield code="a">Birth models that work</subfield>
    <subfield code="h">[electronic resource] /</subfield>
    <subfield code="c">edited by Robbie Davis-Floyd ... [et al.].</subfield>
  </datafield>
  <datafield tag="260" ind1=" " ind2=" ">
    <subfield code="a">Berkeley :</subfield>
    <subfield code="b">University of California Press,</subfield>
    <subfield code="c">c2009.</subfield>
  </datafield>
  <datafield tag="300" ind1=" " ind2=" ">
    <subfield code="a">x, 484 p. :</subfield>
    <subfield code="b">ill.</subfield>
  </datafield>
  <datafield tag="504" ind1=" " ind2=" ">
    <subfield code="a">Includes bibliographical references and index.</subfield>
  </datafield>
  <datafield tag="505" ind1="0" ind2="0">
    <subfield code="t">The Dutch obstetrical system : vanguard of the future in maternity care /</subfield>
    <subfield code="r">Raymond De Vries ... [et al.] --</subfield>
    <subfield code="t">The New Zealand maternity system : a midwifery renaissance /</subfield>
    <subfield code="r">Chris Hendry --</subfield>
    <subfield code="t">The Ontario midwifery model of care /</subfield>
    <subfield code="r">Margaret E. MacDonald and Ivy Lynn Bourgeault --</subfield>
    <subfield code="t">Samoan midwives' stories : joining social and professional midwives in new models of birth /</subfield>
    <subfield code="r">Lesley Barclay Utumuu --</subfield>
    <subfield code="t">The Albany midwifery practice /</subfield>
    <subfield code="r">Becky Reed and Cathy Walton --</subfield>
    <subfield code="t">Small really is beautiful : tales from a freestanding birth center in England /</subfield>
    <subfield code="r">Denis Walsh --</subfield>
    <subfield code="t">Transforming the culture of a maternity service : St. George Hospital, Sydney, Australia /</subfield>
    <subfield code="r">Pat Brodie and Caroline Homer --</subfield>
    <subfield code="t">Maternity homes in Japan : reservoirs of normal childbirth /</subfield>
    <subfield code="r">Etsuko Matsuoka and Fumiko Hinokuma --</subfield>
  </datafield>
  <datafield tag="505" ind1="0" ind2="0">
    <subfield code="t">The northern New Mexico midwifery center model, Taos, New Mexico /</subfield>
    <subfield code="r">Elizabeth Gilmore --</subfield>
    <subfield code="t">Teamwork : an obstetrician, a midwife, and a doula in Brazil /</subfield>
    <subfield code="r">Ricardo Herbert Jones --</subfield>
    <subfield code="t">The CASA Hospital and professional midwifery school : an education and practice model that works /</subfield>
    <subfield code="r">Lisa Mills and Robbie Davis-Floyd --</subfield>
    <subfield code="t">Mercy in action : bringing mother- and baby-friendly birth centers to the Philippines /</subfield>
    <subfield code="r">Vicki Penwell --</subfield>
    <subfield code="t">Circles of community : the CenteringPregnancy Group prenatal care model /</subfield>
    <subfield code="r">Sharon Schindler Rising and Rima Jolivet --</subfield>
    <subfield code="t">Humanizing childbirth to reduce maternal and neonatal mortality : a national effort in Brazil /</subfield>
    <subfield code="r">Daphne Rattner ... [et al.] --</subfield>
    <subfield code="t">"Orchestrating normal" : the conduct of midwifery in the United States /</subfield>
    <subfield code="r">Holly Powell Kennedy.</subfield>
  </datafield>
  <datafield tag="533" ind1=" " ind2=" ">
    <subfield code="a">Electronic reproduction.</subfield>
    <subfield code="b">Palo Alto, Calif. :</subfield>
    <subfield code="c">ebrary,</subfield>
    <subfield code="d">2013.</subfield>
    <subfield code="n">Available via World Wide Web.</subfield>
    <subfield code="n">Access may be limited to ebrary affiliated libraries.</subfield>
  </datafield>
  <datafield tag="650" ind1=" " ind2="0">
    <subfield code="a">Maternal health services</subfield>
    <subfield code="v">Cross-cultural studies.</subfield>
  </datafield>
  <datafield tag="650" ind1=" " ind2="0">
    <subfield code="a">Childbirth</subfield>
    <subfield code="v">Cross-cultural studies.</subfield>
  </datafield>
  <datafield tag="650" ind1=" " ind2="0">
    <subfield code="a">Labor (Obstetrics)</subfield>
    <subfield code="v">Cross-cultural studies.</subfield>
  </datafield>
  <datafield tag="650" ind1=" " ind2="0">
    <subfield code="a">Midwifery</subfield>
    <subfield code="v">Cross-cultural studies.</subfield>
  </datafield>
  <datafield tag="655" ind1=" " ind2="7">
    <subfield code="a">Electronic books.</subfield>
    <subfield code="2">local</subfield>
  </datafield>
  <datafield tag="700" ind1="1" ind2=" ">
    <subfield code="a">Davis-Floyd, Robbie.</subfield>
  </datafield>
  <datafield tag="710" ind1="2" ind2=" ">
    <subfield code="a">ebrary, Inc.</subfield>
  </datafield>
  <datafield tag="856" ind1="4" ind2="0">
    <subfield code="u">http://site.ebrary.com/lib/rucke/Doc?id=10483585</subfield>
    <subfield code="z">An electronic book accessible through the World Wide Web; click to view</subfield>
  </datafield>
  <datafield tag="999" ind1=" " ind2=" ">
    <subfield code="c">225783</subfield>
    <subfield code="d">225783</subfield>
  </datafield>
</record>
